Foundations of Psychiatric Mental Health Nursing (As per INC Syllabus) (Record no. 158825)

MARC details
000 -LEADER
fixed length control field 00451 a2200157 4500
003 - CONTROL NUMBER IDENTIFIER
control field OSt
005 - DATE AND TIME OF LATEST TRANSACTION
control field 20240206125714.0
008 - FIXED-LENGTH DATA ELEMENTS--GENERAL INFORMATION
fixed length control field 240206b |||||||| |||| 00| 0 eng d
020 ## - INTERNATIONAL STANDARD BOOK NUMBER
International Standard Book Number 9789352701834
100 ## - MAIN ENTRY--PERSONAL NAME
Personal name Shija,K.
9 (RLIN) 181515
245 ## - TITLE STATEMENT
Title Foundations of Psychiatric Mental Health Nursing (As per INC Syllabus)
250 ## - EDITION STATEMENT
Edition statement 1st
260 ## - PUBLICATION, DISTRIBUTION, ETC. (IMPRINT)
Name of publisher, distributor, etc. Jaypee Brothers Medical Publisher
Date of publication, distribution, etc. 2018
650 ## - SUBJECT ADDED ENTRY--TOPICAL TERM
Topical term or geographic name as entry element MENTAL HEALTH NURSING
9 (RLIN) 181708
942 ## - ADDED ENTRY ELEMENTS (KOHA)
Source of classification or shelving scheme Dewey Decimal Classification
Koha item type Books
Holdings
Withdrawn status Lost status Source of classification or shelving scheme Damaged status Not for loan Home library Current library Date acquired Vendor Cost, normal purchase price Total Checkouts Full call number Barcode Date last seen Date last checked out Cost, replacement price Bill Date Koha item type
    Dewey Decimal Classification     Sitabai Nargundkar College of Nursing Nagpur Sitabai Nargundkar College of Nursing Nagpur 20/05/2023 102 406.00 6 610.7368/SHI SNCN-BK-3202 07/01/2026 07/01/2026 650.00 20/05/2023 Books